|
|
|
|
| LEADER |
01840nam a2200445 i 4500 |
| 001 |
EBC5106141 |
| 003 |
MiAaPQ |
| 005 |
20200520144314.0 |
| 006 |
m o d | |
| 007 |
cr cnu|||||||| |
| 008 |
171118t20172017gw ob 001 0 ger d |
| 020 |
|
|
|z 9783110533453
|
| 020 |
|
|
|a 9783110534511
|q (electronic bk.)
|
| 020 |
|
|
|a 9783110533484
|q (electronic bk.)
|
| 035 |
|
|
|a (MiAaPQ)EBC5106141
|
| 035 |
|
|
|a (Au-PeEL)EBL5106141
|
| 035 |
|
|
|a (CaPaEBR)ebr11462160
|
| 035 |
|
|
|a (OCoLC)1007224883
|
| 040 |
|
|
|a MiAaPQ
|b eng
|e rda
|e pn
|c MiAaPQ
|d MiAaPQ
|
| 050 |
|
4 |
|a BJ1463
|b .K455 2017
|
| 082 |
0 |
|
|a 123.5
|2 23
|
| 100 |
1 |
|
|a Keil, Geert,
|e author.
|
| 245 |
1 |
0 |
|a Willensfreiheit /
|c Geert Keil.
|
| 250 |
|
|
|a 3. vollstandig uberarbeitete und erwiterte Auflage.
|
| 264 |
|
1 |
|a Berlin, [Germany] ;
|a Boston, [Massachusetts] :
|b De Gruyter,
|c 2017.
|
| 264 |
|
4 |
|c 2017
|
| 300 |
|
|
|a 1 online resource (322 pages).
|
| 336 |
|
|
|a text
|2 rdacontent
|
| 337 |
|
|
|a computer
|2 rdamedia
|
| 338 |
|
|
|a online resource
|2 rdacarrier
|
| 490 |
1 |
|
|a Grundthemen Philosophie
|
| 504 |
|
|
|a Includes bibliographical references and indexes.
|
| 588 |
|
|
|a Description based on print version record.
|
| 590 |
|
|
|a Electronic reproduction. Ann Arbor, MI : ProQuest, 2016. Available via World Wide Web. Access may be limited to ProQuest affiliated libraries.
|
| 650 |
|
0 |
|a Free will and determinism.
|
| 655 |
|
4 |
|a Electronic books.
|
| 776 |
0 |
8 |
|i Print version:
|a Keil, Geert.
|t Willensfreiheit.
|b 3. vollstandig uberarbeitete und erwiterte Auflage.
|d Berlin, [Germany] ; Boston, [Massachusetts] : De Gruyter, c2017
|h viii, 322 pages
|k Grundthemen Philosophie
|z 9783110533453
|w 2017047447
|
| 797 |
2 |
|
|a ProQuest (Firm)
|
| 830 |
|
0 |
|a Grundthemen Philosophie.
|
| 856 |
4 |
0 |
|u https://ebookcentral.proquest.com/lib/matrademy/detail.action?docID=5106141
|z Click to View
|